<?xml version="1.0" encoding="UTF-8"?>
<record
    xmlns:xsi="http://www.w3.org/2001/XMLSchema-instance"
    xsi:schemaLocation="http://www.loc.gov/MARC21/slim http://www.loc.gov/standards/marcxml/schema/MARC21slim.xsd"
    xmlns="http://www.loc.gov/MARC21/slim">

  <leader>02266nam a2200325   4500</leader>
  <controlfield tag="005">20250712104730.0</controlfield>
  <datafield tag="020" ind1=" " ind2=" ">
    <subfield code="a">9783319864600</subfield>
    <subfield code="c">TZS 352,143/=</subfield>
  </datafield>
  <datafield tag="040" ind1=" " ind2=" ">
    <subfield code="a">MUL</subfield>
    <subfield code="b">eng.</subfield>
    <subfield code="e">AACR</subfield>
  </datafield>
  <datafield tag="082" ind1=" " ind2=" ">
    <subfield code="a">381.142068 ELE</subfield>
  </datafield>
  <datafield tag="245" ind1=" " ind2=" ">
    <subfield code="a">Electronic commerce 2018 :</subfield>
    <subfield code="b">a managerial and social networks perspective</subfield>
    <subfield code="c">/Efraim Turban ... [et al.] .</subfield>
  </datafield>
  <datafield tag="250" ind1=" " ind2=" ">
    <subfield code="a">9th ed.</subfield>
  </datafield>
  <datafield tag="260" ind1=" " ind2=" ">
    <subfield code="a">Cham :</subfield>
    <subfield code="b">Springer,</subfield>
    <subfield code="c">c 2018.</subfield>
  </datafield>
  <datafield tag="300" ind1=" " ind2=" ">
    <subfield code="a">xxviii, 636 p. :</subfield>
    <subfield code="b">ill. ;</subfield>
    <subfield code="c">28 cm.</subfield>
  </datafield>
  <datafield tag="440" ind1=" " ind2=" ">
    <subfield code="a">Springer texts in business and economics</subfield>
  </datafield>
  <datafield tag="504" ind1=" " ind2=" ">
    <subfield code="a">Includes reference and index</subfield>
  </datafield>
  <datafield tag="505" ind1=" " ind2=" ">
    <subfield code="a">Chapter 1. Overview of Electronic Commerce.- Chapter 2. E-Commerce: Mechanisms, Platforms, and Tools.- Chapter 3. Retailing in Electronic Commerce: Products and Services.- Chapter 4. Business-to-Business E-Commerce.- Chapter 5. Innovative EC Systems: From E-Government to E-Learning, E-Health, Sharing Economy and P2P Commerce.- Chapter 6. Mobile Commerce and the Internet of Things.- Chapter 7. Intelligent (Smart) E-Commerce.- Chapter 8. Social Commerce: Foundations, Social Marketing, and Advertising.- Chapter 9. Social Enterprise and Other Social Commerce Topics.- Chapter 10. Marketing and Advertising in E-Commerce.- Chapter 11. E-Commerce Security and Fraud Issues and Protections.- Chapter 12. Electronic Commerce Payment Systems.- Chapter 13. Order Fulfillment along the Supply Chain in E-Commerce.- Chapter 14. EC Strategy, Globalization, SMEs and Implementation.- Chapter 15. E-Commerce: Regulatory, Ethical, and Social Environments.
</subfield>
  </datafield>
  <datafield tag="520" ind1=" " ind2=" ">
    <subfield code="a">EC is having an impact on a significant portion of the world, affecting businesses, professions, trade, and of course, people.The most important developments in EC since 2014 are the continuous phenomenal growth of social networks, especially Facebook , LinkedIn and Instagram, and the trend toward conducting EC with mobile devices.</subfield>
  </datafield>
  <datafield tag="546" ind1=" " ind2=" ">
    <subfield code="a">eng.</subfield>
  </datafield>
  <datafield tag="650" ind1=" " ind2=" ">
    <subfield code="a">Electronic commerce Management</subfield>
  </datafield>
  <datafield tag="650" ind1=" " ind2=" ">
    <subfield code="a">Social networks</subfield>
  </datafield>
  <datafield tag="650" ind1=" " ind2=" ">
    <subfield code="a">E-commerce-business models</subfield>
  </datafield>
  <datafield tag="650" ind1=" " ind2=" ">
    <subfield code="a">Electronic markets</subfield>
  </datafield>
  <datafield tag="700" ind1=" " ind2=" ">
    <subfield code="a">TURBAN, E.</subfield>
    <subfield code="c">(Author)</subfield>
  </datafield>
  <datafield tag="700" ind1=" " ind2=" ">
    <subfield code="a">OUTLAND, J.</subfield>
    <subfield code="c">(Author)</subfield>
  </datafield>
  <datafield tag="700" ind1=" " ind2=" ">
    <subfield code="a">KING, D.</subfield>
    <subfield code="c">(Author)</subfield>
  </datafield>
  <datafield tag="700" ind1=" " ind2=" ">
    <subfield code="a">LEE, J. K.</subfield>
    <subfield code="c">(Author)</subfield>
  </datafield>
  <datafield tag="700" ind1=" " ind2=" ">
    <subfield code="a">LIANG, T-P.</subfield>
    <subfield code="c">(Author)</subfield>
  </datafield>
  <datafield tag="700" ind1=" " ind2=" ">
    <subfield code="a">TURBAN, D. C.</subfield>
    <subfield code="c">(Author)</subfield>
  </datafield>
  <datafield tag="942" ind1=" " ind2=" ">
    <subfield code="c">BK</subfield>
  </datafield>
  <datafield tag="999" ind1=" " ind2=" ">
    <subfield code="c">11080</subfield>
    <subfield code="d">11080</subfield>
  </datafield>
  <datafield tag="952" ind1=" " ind2=" ">
    <subfield code="0">0</subfield>
    <subfield code="1">0</subfield>
    <subfield code="4">0</subfield>
    <subfield code="7">0</subfield>
    <subfield code="a">MU0001</subfield>
    <subfield code="b">MU0001</subfield>
    <subfield code="d">2025-06-25</subfield>
    <subfield code="e">MAK SOLUTION</subfield>
    <subfield code="l">0</subfield>
    <subfield code="o">381.142068 ELE</subfield>
    <subfield code="p">0087462</subfield>
    <subfield code="r">2025-07-12 10:22:59</subfield>
    <subfield code="t">1</subfield>
    <subfield code="w">2025-07-12</subfield>
    <subfield code="y">BK</subfield>
  </datafield>
  <datafield tag="952" ind1=" " ind2=" ">
    <subfield code="0">0</subfield>
    <subfield code="1">0</subfield>
    <subfield code="4">0</subfield>
    <subfield code="7">0</subfield>
    <subfield code="a">MU0001</subfield>
    <subfield code="b">MU0001</subfield>
    <subfield code="d">2025-06-25</subfield>
    <subfield code="e">MAK SOLUTION</subfield>
    <subfield code="l">0</subfield>
    <subfield code="o">381.142068 ELE</subfield>
    <subfield code="p">0087463</subfield>
    <subfield code="r">2025-07-12 10:22:59</subfield>
    <subfield code="t">2</subfield>
    <subfield code="w">2025-07-12</subfield>
    <subfield code="y">BK</subfield>
  </datafield>
  <datafield tag="952" ind1=" " ind2=" ">
    <subfield code="0">0</subfield>
    <subfield code="1">0</subfield>
    <subfield code="4">0</subfield>
    <subfield code="7">0</subfield>
    <subfield code="a">MU0001</subfield>
    <subfield code="b">MU0001</subfield>
    <subfield code="d">2025-06-25</subfield>
    <subfield code="e">MAK SOLUTION</subfield>
    <subfield code="l">0</subfield>
    <subfield code="o">381.142068 ELE</subfield>
    <subfield code="p">0087464</subfield>
    <subfield code="r">2025-07-12 10:22:59</subfield>
    <subfield code="t">3</subfield>
    <subfield code="w">2025-07-12</subfield>
    <subfield code="y">BK</subfield>
  </datafield>
</record>
